| 000 | 00420nam a2200145 4500 | ||
|---|---|---|---|
| 005 | 20150123110132.0 | ||
| 008 | 150123b xxu||||| |||| 00| 0 eng d | ||
| 040 | _adpl | ||
| 245 | 0 | 4 | _aThe divine touch |
| 260 |
_aPuducherry _bSri Aurobindo society |
||
| 300 |
_av. _b20cm. |
||
| 310 | _aMonthly | ||
| 270 |
_a11 Saint Martin Street, _bPuducherry _dIndia _e605001 _k0413-2336396 _minfo@aurosociety.org |
||
| 942 |
_2ddc _cSR _s1 |
||
| 999 |
_c91014 _d91014 |
||